| 000 | 00000cam 2200000zi 4500 |
| 001 | 9.954323 |
| 003 | CaOODSP |
| 005 | 20251218082722 |
| 006 | m o d f |
| 007 | cr mn |||||||| |
| 008 | 250820e20241218onc obs f000 0 fre d |
| 040 | |aCaOODSP|bfre|erda|cCaOODSP |
| 043 | |an-cn--- |
| 086 | 1 |aCS82-003/2024-12-1F-PDF |
| 100 | 1 |aIslam, Md. Kamrul, |eauteur. |
| 245 | 10|aTroubles anxieux au sein de la population canadienne âgée : |baccent porté sur les groupes de population autochtones et racisés / |cpar Md Kamrul Islam et Heather Gilmour. |
| 264 | 1|a[Ottawa] : |bStatistique Canada = Statistics Canada, |cle 18 décembre 2024. |
| 264 | 4|c©2024 |
| 300 | |a1 ressource en ligne (16 pages). |
| 336 | |atexte|btxt|2rdacontent/fre |
| 337 | |ainformatique|bc|2rdamedia/fre |
| 338 | |aressource en ligne|bcr|2rdacarrier/fre |
| 490 | 1 |aRapports sur la santé, |x1209-1375 ; |vvol. 35, no. 12, [1] |
| 500 | |aPublié aussi en anglais sous le titre : Anxiety disorders among older Canadians: focus on Indigenous and racialized population groups. |
| 504 | |aComprend des références bibliographiques (pages 14-16). |
| 520 | |a« Les troubles anxieux figurent parmi les problèmes de santé mentale les plus courants. Cependant, peu d’études ont porté sur la prévalence des troubles anxieux et les facteurs associés à ceux-ci chez les Canadiens âgés (65 ans et plus), en mettant l’accent sur les groupes de population autochtones et racisés » -- Page 3. |
| 650 | 6|aTroubles anxieux|zCanada|vStatistiques. |
| 650 | 6|aAnxiété chez la personne âgée|zCanada|vStatistiques. |
| 650 | 6|aAutochtones|xSanté et hygiène|zCanada|vStatistiques. |
| 650 | 6|aMinorités|xSanté et hygiene|zCanada|vStatistiques. |
| 655 | 7|aStatistiques|2rvmgf |
| 710 | 2 |aStatistique Canada, |eorganisme de publication. |
| 775 | 08|tAnxiety disorders among older Canadians : |w(CaOODSP)9.954319 |
| 830 | #0|aRapports sur la santé (Collection)|x1209-1375 ; |vvol. 35, no. 12, [1].|w(CaOODSP)9.950257 |
| 856 | 40|qPDF|s613 Ko|uhttps://publications.gc.ca/collections/collection_2025/statcan/82-003-x/CS82-003-2024-12-1-fra.pdf |
| 856 | 41|qHTML|sS.O.|uhttps://www150.statcan.gc.ca/n1/pub/82-003-x/2024012/article/00001-fra.htm |